000
00315nam a2200121Ia 4500
008
220204s9999 xx 000 0 und d
082
_a
577.1:541.64
_b
HIX
245
0
_a
Polymer grafts in biochemistry
260
_a
New York
_b
Marcel Dekker
700
_a
Goldberg, Eugene P
700
_a
Hixon, Harry F
942
_c
BK
999
_c
24640
_d
24640